Olympischer Medaillenspiegel - Athen 2004 - Statistiken

Allgemein
  • Dieses Quiz wurde 17 mal gespielt
  • Das Durchschnittsergebnis liegt bei 9 aus 10
Antwortstatistiken
Gold Silber Bronze Gesamt Land % Korrekt
32 17 14 63 China
100%
13 16 20 49 Deutschland
100%
36 39 26 101 Vereinigte Staaten
100%
11 9 13 33 Frankreich
94%
10 11 11 32 Italien
94%
16 9 12 37 Japan
94%
28 26 36 90 Russland
88%
9 12 9 30 Südkorea
88%
9 9 12 30 Großbritannien
82%
17 16 17 50 Australien
71%
Keine übereinstimmenden Quizze gefunden
Verteilung der Resultate
Anzahl Personen mit jedem Resultat
Perzentil nach korrekt beantworteten Fragen
Ihre Resultats-Entwicklung
Sie haben dieses Quiz noch nicht gespielt